| 000 | 00561nam a2200193 4500 | ||
|---|---|---|---|
| 001 | 22760 | ||
| 005 | 20230410130542.0 | ||
| 008 | 060907n2004 dr spa | ||
| 020 | _a8570602421 | ||
| 035 | _9funglode22924 | ||
| 041 | _aPT | ||
| 050 | 1 | 4 | _aPN 1992.3 M938g 2004 |
| 100 | _aMoya, Alvaro de | ||
| 245 | 1 |
_aGloria in excelsior : _bascensao, apogeu e queda do maior sucesso da televisao Brasileira / _cAlvaro de Moya |
|
| 260 |
_aSao Paulo : _bImprensa Oficial, _c2004 |
||
| 300 | _a415 p. | ||
| 440 | _aColecao Aplauso | ||
| 942 |
_2lcc _cbk |
||
| 999 |
_c75991 _d75991 |
||